Statistics for ESPN Top 100 Basketball Recruits - 2009

Click here to take the quiz!

General Stats

  • This quiz has been taken 4 times
  • The average score is 15 of 99

Answer Stats

#PlayerCurrent Team / Status% Correct
72Derrick WilliamsFree Agent
100%
28Elijah JohnsonMaccabi Ashdod - Israel
100%
95Erik WilliamsRetired
100%
50Kerron JohnsonFree Agent
100%
30Noel JohnsonRetired
100%
42Rodney WilliamsRetired
100%
53Shawn WilliamsRetired
100%
1Avery BradleyFree Agent
75%
82Khris MiddletonMilwaukee Bucks
75%
93Lakeem JacksonFree Agent
75%
31Jamil WilsonAnyang Jung Kwan Jang Red Boosters - South Korea
50%
56Kawhi LeonardLos Angeles Clippers
50%
35Royce WhitePower - BIG3
50%
24Tommy Mason-GriffinRetired
50%
14Abdul GaddyOklahoma City Blue
25%
87Brandon PaulKK Budućnost - Montenegro
25%
89Cory JeffersonRetired
25%
4DeMarcus CousinsTaiwan Beer Leopards - Taiwan
25%
97Derrick NixRetired
25%
46D.J. RichardsonRetired
25%
43Durand ScottMaccabi Ashrod B.C. - Israel
25%
99Garrick ShermanRetired
25%
21John JenkinsNBA G League Ignite
25%
5John WallFree Agent
25%
92Jon HoodRetired
25%
29Lorenzo BrownMaccabi Tel Aviv - Israel
25%
25Peyton SivaFree Agent
25%
40Thomas RobinsonPelita Jaya Basketball Club - Indonesia
25%
59Aaric MurrayRetired
0%
45Aaron DotsonRetired
0%
75A. J. WaltonPeja - Kosovo
0%
20Alex OriakhiFree Agent
0%
68Andrew FitzgeraldTachikawa Dice - Japan
0%
85Anthony MarshallRetired
0%
52Ari StewartRetired
0%
27Baden JaxenFree Agent
0%
69Brendan LaneRetired
0%
77Chris ColvinRetired
0%
34Christian WatfordRetired
0%
66Clarence TrentRetired
0%
96Dalton PepperNovipiù Monferrato - Italy
0%
98Daniel MillerFree Agent
0%
13Daniel OrtonRetired
0%
60Dan JenningsRetired
0%
16Dante TaylorRetired
0%
58DaShonte RileyRetired
0%
36David WearRetired
0%
74Demetrius WalkerRetired
0%
47Deniz KılıçlıPınar Karşıyaka - Turkey
0%
2Derrick FavorsWindy City Bulls
0%
64DeShawn PainterRetired
0%
19Dominic CheekRetired
0%
88Donnavan KirkRetired
0%
38Erik MurphyKawasaki Brave Thunders - Japan
0%
83Garrius AdamsRetired
0%
41Isaiah ArmwoodKobe Storks - Japan
0%
33Jamal Coombs-McDanielRetired
0%
79Jeronne MaymonRetired
0%
6John HensonFree Agent
0%
8Jordan HamiltonFree Agent
0%
76Junior CadouganVancouver Bandits - (Assistant Coach)
0%
63Kammeon HolseyFree Agent
0%
9Kenny BoyntonBCM Gravelines-Dunkerque
0%
62Kenny HallAtenas de Córdoba - Argentina
0%
86Kevin ParromRetired
0%
90Kourtney RobersonRetired
0%
39Kyrylo NatyazhkoDnipro - Ukraine
0%
94Lamar PattersonSouth West Metro Pirates - Australia
0%
12Lance StephensonIowa Wolves
0%
32Leslie McDonaldRetired
0%
23Maalik WaynsVillanova Wildcats - (Student Athlete Development)
0%
67Marshawn PowellLeche Río Breogán - Spain
0%
10Mason PlumleeLos Angeles Clippers
0%
71Maurice CreekFree Agent
0%
48Mfon UdofiaRetired
0%
22Michael SnaerRetired
0%
55Mike MoserHouston Rockets - (Assistant Coach)
0%
26Milton JenningsRetired
0%
18Mouphtaou YarouFree Agent
0%
70Naji HibbertRetired
0%
44Nolan DennisRetired
0%
78Rakeem BucklesHapoel Haifa B.C. - Israel
0%
57Raymond PennRetired
0%
7Renardo SidneyRetired
0%
65Richard HowellFree Agent
0%
73Roberto NelsonRetired
0%
81Roger FranklinRetired
0%
17Ryan KellySun Rockers Shibuya - Japan
0%
54Solomon HillFree Agent
0%
84Steven PledgerRetired
0%
49Terrell VinsonRetired
0%
11Tiny GallonRetired
0%
37Travis WearRetired
0%
80Tristan SpurlockMissouri Tigers - (Assistant Coach)
0%
91Tyler GriffeyRetired
0%
51Tyler HoneycuttDeceased
0%
15Wally JudgeRetired
0%
3Xavier HenryRetired
0%
61Zeke MarshallRetired
0%

Score Distribution

Percentile by Number Answered

Percent of People with Each Score

Your Score History

You have not taken this quiz